000 01368nam0a22003011 4500
001 v19\rc\1607119
005 20250619051639.0
035 _a(NLR Aleph) 004837363
090 _a4785396
_c4785396
100 _a20061002d1897 |||y0rusy50 ca
101 0 _arus
102 _aRU
105 _ay z |||c|
200 1 _aОчерки и заметки
_f[Соч.] М. К-ой
210 _aМосква
_cт-во тип. А.И. Мамонтова
_d1897
215 _a[2], 239 с.
_d22
300 _aАвт. установлен по изд. 1912 г.
327 1 _aСодерж.: Слабый росток; Экзамен; Отчего он так скоро угас; Швея; С крутизны; Вечер; Что говорят о женщинах писатели иностранные
464 0 _12001#$aСлабый росток$aЭкзамен$aОтчего он так скоро угас$aШвея$aС крутизны$aВечер$aЧто говорят о женщинах писатели иностранные
_tЧто говорят о женщинах писатели иностранные
700 1 _aБландова
_bМ.
790 1 _aК-ая
_bМ.
801 0 _aRU
_bNLR
_gpsbo
801 0 _aRU
_bRuMoRGB
_2psbo
801 1 _aRU
_bProSoft-M
_2rusmarc
852 _aNLR
_j20.88.4.9
899 _aRuMoRGB
_jA 132/126a
942 _cBOOK
980 _aNB